Iniciacao a docencia, reflexoes e producao do conhecimento: PIBID Educacao Física no CEFD-UFSM
Gespeichert in:
| Hauptverfasser: | , , |
|---|---|
| Format: | Buch |
| Sprache: | Portugiesisch |
| Veröffentlicht: |
Curitiba
CRV
2016
|
| Ausgabe: | 1a. ed |
| Schlagworte: | |
| Tags: |
Tag hinzufügen
Keine Tags, Fügen Sie den ersten Tag hinzu!
|
MARC
| LEADER | 00000cam a2200000 a 4500 | ||
|---|---|---|---|
| 001 | UCD6113 | ||
| 003 | CL-VaPUC | ||
| 008 | 161118e20160000bl |||||||||||||||||por|d | ||
| 020 | |a 9788544410660 | ||
| 082 | 0 | 4 | |a 373.86 |b SAW |2 21 |
| 100 | 0 | |a Sawitzki, Rosalvo Luís |e author |9 589785 | |
| 700 | 0 | |a Rosa, Cristian Leandro Lopes da |e author |9 589786 | |
| 700 | 0 | |a Gama, María Eliza Rosa |e author |9 589787 | |
| 245 | 1 | 0 | |a Iniciacao a docencia, reflexoes e producao do conhecimento: PIBID Educacao Física no CEFD-UFSM |
| 250 | |a 1a. ed | ||
| 300 | |a 254 p | ||
| 942 | |c BK | ||
| 945 | |d 20161118 09:36:00 |a dcastane | ||
| 260 | |a Curitiba |b CRV |c 2016 | ||
| 650 | 0 | |a Educación física |9 240893 | |
| 650 | 0 | |a Niños |9 255605 | |
| 650 | 0 | |a Métodos de enseñanza |9 270413 | |
| 583 | |a last modification |c 20170913 12:24:14 |k Rodrigo Vera | ||
| 999 | |c 366497 |d 366495 | ||
| 952 | |0 0 |1 0 |3 erb |4 0 |6 373_860000000000000_SAW_2016 |7 0 |8 A |9 480769 |a BIBEDU |b BIBEDU |i 5349486 |o 373.86 SAW 2016 |p 5349486 |r 2019-11-24 |w 2019-11-24 |y BK |z Catalogado en:20161118 |k EFI | ||